A treasury of american folklore
Colección que representa lo mejor de los cuentos, historias, mitos, baladas y más de la cultura americana tradicional, conteniendo así algunas leyendas como Buffalo Bill y Jesse James. Este libro es un compendio del folclore de la América anterior a la Guerra Civil. El autor y las historias más anti...
Guardat en:
| Autor principal: | |
|---|---|
| Format: | Llibre |
| Idioma: | Undetermined |
| Publicat: |
New York, Estados Unidos
Crown Publishers
1978
|
| Matèries: | |
| Etiquetes: |
Afegir etiqueta
Sense etiquetes, Sigues el primer a etiquetar aquest registre!
|
MARC
| LEADER | 00000nam a2200000Ia 4500 | ||
|---|---|---|---|
| 008 | 170316s9999 xx 000 0 und d | ||
| 040 | |a cru BVZT | ||
| 090 | |a 810 B-17a | ||
| 100 | |a Botkin, B.A. (Editor) |9 732 | ||
| 245 | 2 | |a A treasury of american folklore |c / B.A.Botkin, Editor | |
| 260 | |a New York, Estados Unidos |b Crown Publishers |c 1978 | ||
| 300 | |a 932 páginas | ||
| 520 | |a Colección que representa lo mejor de los cuentos, historias, mitos, baladas y más de la cultura americana tradicional, conteniendo así algunas leyendas como Buffalo Bill y Jesse James. Este libro es un compendio del folclore de la América anterior a la Guerra Civil. El autor y las historias más antiguas que recopiló fueron producto de su época. Tiene una idea general de mentalidad cultural que revela en su compilación de cuentos y personajes antiguos, especialmente en lo que respecta a cuestiones de identidad étnica. | ||
| 650 | |a LITERATURA ESTADOUNIDENSE |9 25 | ||
| 650 | |a EN IDIOMA INGLÉS |9 129 | ||
| 650 | |a CUENTOS |9 271 | ||
| 650 | |a HISTORIAS |9 733 | ||
| 650 | |a LEYENDAS |9 734 | ||
| 999 | |c 5443 |d 5443 | ||
| 942 | |c 15 D |h 810 B-17a |2 z | ||
